|
|
|
|
| LEADER |
00000cam a22000004a 4500 |
| 001 |
musev2_10182 |
| 003 |
MdBmJHUP |
| 005 |
20230905041148.0 |
| 006 |
m o d |
| 007 |
cr||||||||nn|n |
| 008 |
000225s2000 nyu o 00 0 eng d |
| 010 |
|
|
|z 00026555
|
| 020 |
|
|
|a 9780791493403
|
| 020 |
|
|
|z 0791443892
|
| 020 |
|
|
|z 0791493407
|
| 020 |
|
|
|z 9780791443897
|
| 035 |
|
|
|a (OCoLC)45728635
|
| 040 |
|
|
|a MdBmJHUP
|c MdBmJHUP
|
| 041 |
1 |
|
|a eng
|h gerheb
|
| 050 |
0 |
4 |
|a PJ5050.J8
|b A27 2000
|
| 082 |
0 |
|
|a 892.4/12
|2 21
|
| 100 |
0 |
|
|a Judah,
|c ha-Levi,
|d 12th cent.
|
| 240 |
1 |
0 |
|a Selections.
|l English.
|f 2000
|
| 245 |
1 |
0 |
|a Ninety-Two Poems and Hymns of Yehuda Halevi /
|c translated by Thomas Kovach, Eva Jospe, and Gilya Gerda Schmidt ; edited and with an introduction by Richard A. Cohen.
|
| 264 |
|
1 |
|a Albany, N.Y. :
|b State University of New York Press,
|c 2000.
|
| 264 |
|
3 |
|a Baltimore, Md. :
|b Project MUSE,
|c 2012
|
| 264 |
|
4 |
|c ©2000.
|
| 300 |
|
|
|a 1 online resource (292 pages).
|
| 336 |
|
|
|a text
|b txt
|2 rdacontent
|
| 337 |
|
|
|a computer
|b c
|2 rdamedia
|
| 338 |
|
|
|a online resource
|b cr
|2 rdacarrier
|
| 504 |
|
|
|a Includes bibliographical references (p. 277-278) and index.
|
| 588 |
|
|
|a Description based on print version record.
|
| 600 |
0 |
0 |
|a Judah,
|c ha-Levi,
|d 12th cent.
|v Translations into English.
|
| 655 |
|
7 |
|a Electronic books.
|2 local
|
| 700 |
1 |
|
|a Cohen, Richard A.,
|d 1950-
|
| 700 |
1 |
|
|a Schmidt, Gilya Gerda.
|
| 700 |
1 |
|
|a Jospe, Eva.
|
| 700 |
1 |
|
|a Kovach, Thomas A.,
|d 1949-
|
| 700 |
1 |
|
|a Rosenzweig, Franz,
|d 1886-1929.
|
| 710 |
2 |
|
|a Project Muse.
|e distributor
|
| 830 |
|
0 |
|a Book collections on Project MUSE.
|
| 856 |
4 |
0 |
|z Texto completo
|u https://projectmuse.uam.elogim.com/book/10182/
|
| 945 |
|
|
|a Project MUSE - Custom Collection
|
| 945 |
|
|
|a Project MUSE - Archive Complete Foundation
|
| 945 |
|
|
|a Project MUSE - Archive Philosophy and Religion Foundation
|